Informática y derecho (Record no. 146326)

MARC details
000 -LEADER
fixed length control field 01836nam a22003377a 4500
005 - DATE AND TIME OF LATEST TRANSACTION
control field 20220725091614.0
008 - FIXED-LENGTH DATA ELEMENTS--GENERAL INFORMATION
fixed length control field 190117b1987 ag ||||| |||| 00| 0 spa d
020 ## - INTERNATIONAL STANDARD BOOK NUMBER
International Standard Book Number 9501404145 V.1
020 ## - INTERNATIONAL STANDARD BOOK NUMBER
International Standard Book Number 9501404692V.2
020 ## - INTERNATIONAL STANDARD BOOK NUMBER
International Standard Book Number 950140563 V.3
050 04 - LIBRARY OF CONGRESS CALL NUMBER
Classification number K564.C6
Item number I54 1991
245 00 - TITLE STATEMENT
Title Informática y derecho
Remainder of title : aportes de doctrina internacional
Statement of responsibility, etc / Director : Daniel Ricardo Altmark ; Coordinador : Rafael A. Bielsa ; prólogo de Héctor Altmark
250 ## - EDITION STATEMENT
Edition statement 1a ed.
260 ## - PUBLICATION, DISTRIBUTION, ETC. (IMPRINT)
Place of publication, distribution, etc Buenos Aires, Argentina:
Name of publisher, distributor, etc Ediciones Depalma,
Date of publication, distribution, etc r1991
300 ## - PHYSICAL DESCRIPTION
Extent 3 v. ;
Dimensions 23 cm.
505 00 - FORMATTED CONTENTS NOTE
Statement of responsibility Daniel Ricardo Altmark, Rafael A. Bielsa, Ettore Giannantonio, Antonio A. Martino
Title La etapa precontractual en los contratos informáticos, Método de análisis para una aplicación en informática jurídica documental, El valor jurídico del documento electrónico, Sistemas expertos legales /
Miscellaneous information V.1.
505 00 - FORMATTED CONTENTS NOTE
Statement of responsibility Carlos María Correa, Rodolfo Pagano, Mario G. Losano, Salvador Bergel
Title V.2 El derecho informático en América Latina, La técnica legislativa y los sistemas de informática jurídica, De la pluma de ganso al rayo láser: nuevas tecnologías para los bancos de datos y las editoriales, Informática y responsabilidad civil /
Miscellaneous information V.2.
505 00 - FORMATTED CONTENTS NOTE
Statement of responsibility Ettore Giannantonio
Title Trasferencias electrónicas de fondos y autonomía privada /
Miscellaneous information V.3.
650 #4 - SUBJECT ADDED ENTRY--TOPICAL TERM
Topical term or geographic name as entry element Derecho informático
650 #4 - SUBJECT ADDED ENTRY--TOPICAL TERM
Topical term or geographic name as entry element Contratos electronicos
650 #4 - SUBJECT ADDED ENTRY--TOPICAL TERM
Topical term or geographic name as entry element Comercio electrónico
700 1# - ADDED ENTRY--PERSONAL NAME
Personal name Altmark, Daniel Ricardo,
Relator term director
700 1# - ADDED ENTRY--PERSONAL NAME
Personal name Bielsa, Rafael A.,
Relator term coordinador
700 1# - ADDED ENTRY--PERSONAL NAME
Personal name Giannantonio, Ettore,
Relator term autor
700 1# - ADDED ENTRY--PERSONAL NAME
Personal name Martino, Antonio A.,
Relator term autor
700 1# - ADDED ENTRY--PERSONAL NAME
Personal name Correa, Carlos María,
Relator term autor
700 1# - ADDED ENTRY--PERSONAL NAME
Personal name Pagano, Rodolfo,
Relator term autor
700 1# - ADDED ENTRY--PERSONAL NAME
Personal name Losano, Mario G.,
Relator term autor
700 1# - ADDED ENTRY--PERSONAL NAME
Personal name Bergel, Salvador Darío,
Relator term autor
942 ## - ADDED ENTRY ELEMENTS (KOHA)
Source of classification or shelving scheme Biblioteca del Cogreso de los Estados Unidos
Koha item type Libro
Holdings
Estado de pérdida Fuente de clasificación Estado del daño No para préstamo Ubicación permanente Ubicación actual Apartado o colección Fecha de adquisición Fuente de adquisición Edición Área del conocimiento Total Checkouts Clasificación Código de Barras Date last seen Date checked out Número de copia Costo por reposición Tipo de recurso
  Biblioteca del Cogreso de los Estados Unidos     Biblioteca de la Facultad de Derecho y Ciencias Sociales "Felipe J. Tena" Biblioteca de la Facultad de Derecho y Ciencias Sociales "Felipe J. Tena" General 17/01/2019 Unidad Académica 1a ed. Ciencias Sociales y Administrativas 1 K564.C6 I54 r1991 BFD000011106 10/11/2025 10/11/2025 V.1 C:1 1.00 Libro
  Biblioteca del Cogreso de los Estados Unidos     Biblioteca de la Facultad de Derecho y Ciencias Sociales "Felipe J. Tena" Biblioteca de la Facultad de Derecho y Ciencias Sociales "Felipe J. Tena" General 21/01/2019 Unidad Académica 1a ed. Ciencias Sociales y Administrativas   K564.C6 I54 1988 BFD000011114 21/01/2019   V:2 C:1 1.00 Libro
  Biblioteca del Cogreso de los Estados Unidos     Biblioteca de la Facultad de Derecho y Ciencias Sociales "Felipe J. Tena" Biblioteca de la Facultad de Derecho y Ciencias Sociales "Felipe J. Tena" General 21/01/2019 Unidad Académica 1a ed. Ciencias Sociales y Administrativas   K564.C6 I54 1990 BFD000011115 21/01/2019   V:3 C:1 1.00 Libro